=LDR 00000nam 2200000 4500 =001 INLIS000000000045497 =005 20250422022327 =035 ##$$a 0010-021500000000057 =008 250422################g##########0#ind## =020 ##$$a 978-979-29-3132-5 =040 ##$$a NBPDMAT =082 ##$$a 531.12 =090 ##$$a 531.12 $b Kas s =100 ##$$a Kastiawan, I Made =245 1#$$a Statika struktur /$c I. Made Kastiawan =260 ##$$a Yogyakarta :$b Andi,$c 2013 =300 ##$$a viii, 130 hlm. : $b ilus. ; $c 23x16 cm. =650 #4$$a Statika =084 ##$$a 531.12 KAS s =990 ##$$a 21419737 =990 ##$$a 21419738 =990 ##$$a 21419739 =990 ##$$a 21419740 =990 ##$$a 21419741 =990 ##$$a 0001/BPAP-NTB/2016 =990 ##$$a 21708745 =990 ##$$a 21708744 =990 ##$$a 21708743 =990 ##$$a 21708742 =990 ##$$a 21708741 =990 ##$$a 21419737 =990 ##$$a 21419738 =990 ##$$a 21419739 =990 ##$$a 21419740 =990 ##$$a 21419741 =990 ##$$a 0001/BPAP-NTB/2016 =990 ##$$a 21708745 =990 ##$$a 21708744 =990 ##$$a 21708743 =990 ##$$a 21708742 =990 ##$$a 21708741 =990 ##$$a 21419738 =990 ##$$a 21419737 =990 ##$$a 21419739 =990 ##$$a 21419740 =990 ##$$a 21419741 =990 ##$$a 0001/BPAP-NTB/2016 =990 ##$$a 21708745 =990 ##$$a 21708744 =990 ##$$a 21708743 =990 ##$$a 21708742 =990 ##$$a 21708741 =990 ##$$a 21419739 =990 ##$$a 21419737 =990 ##$$a 21419738 =990 ##$$a 21419740 =990 ##$$a 21419741 =990 ##$$a 0001/BPAP-NTB/2016 =990 ##$$a 21708745 =990 ##$$a 21708744 =990 ##$$a 21708743 =990 ##$$a 21708742 =990 ##$$a 21708741 =990 ##$$a 21419740 =990 ##$$a 21419737 =990 ##$$a 21419738 =990 ##$$a 21419739 =990 ##$$a 21419741 =990 ##$$a 0001/BPAP-NTB/2016 =990 ##$$a 21708745 =990 ##$$a 21708744 =990 ##$$a 21708743 =990 ##$$a 21708742 =990 ##$$a 21708741 =990 ##$$a 21419741 =990 ##$$a 21419737 =990 ##$$a 21419738 =990 ##$$a 21419739 =990 ##$$a 21419740 =990 ##$$a 21708745 =990 ##$$a 21708744 =990 ##$$a 21708743 =990 ##$$a 21708742 =990 ##$$a 21708741 =990 ##$$a 21419740 =990 ##$$a 21419740 =990 ##$$a 21419737 =990 ##$$a 21419737 =990 ##$$a 21419738 =990 ##$$a 21419738 =990 ##$$a 21419739 =990 ##$$a 21419739 =990 ##$$a 21419741 =990 ##$$a 21419741 =990 ##$$a 21708745 =990 ##$$a 21708745 =990 ##$$a 21708744 =990 ##$$a 21708744 =990 ##$$a 21708743 =990 ##$$a 21708743 =990 ##$$a 21708742 =990 ##$$a 21708742 =990 ##$$a 21708741 =990 ##$$a 21708741 =990 ##$$a 21419741 =990 ##$$a 21419737 =990 ##$$a 21419738 =990 ##$$a 21419739 =990 ##$$a 21419740 =990 ##$$a 21708745 =990 ##$$a 21708744 =990 ##$$a 21708743 =990 ##$$a 21708742 =990 ##$$a 21708741 =990 ##$$a 21708741 =990 ##$$a 21419737 =990 ##$$a 21419738 =990 ##$$a 21419739 =990 ##$$a 21419740 =990 ##$$a 21419741 =990 ##$$a 21708745 =990 ##$$a 21708744 =990 ##$$a 21708743 =990 ##$$a 21708742 =990 ##$$a 21708742 =990 ##$$a 21419737 =990 ##$$a 21419738 =990 ##$$a 21419739 =990 ##$$a 21419740 =990 ##$$a 21419741 =990 ##$$a 21708745 =990 ##$$a 21708744 =990 ##$$a 21708743 =990 ##$$a 21708741 =990 ##$$a 21708743 =990 ##$$a 21419737 =990 ##$$a 21419738 =990 ##$$a 21419739 =990 ##$$a 21419740 =990 ##$$a 21419741 =990 ##$$a 21708745 =990 ##$$a 21708744 =990 ##$$a 21708742 =990 ##$$a 21708741 =990 ##$$a 21708744 =990 ##$$a 21419737 =990 ##$$a 21419738 =990 ##$$a 21419739 =990 ##$$a 21419740 =990 ##$$a 21419741 =990 ##$$a 21708745 =990 ##$$a 21708743 =990 ##$$a 21708742 =990 ##$$a 21708741 =990 ##$$a 21708745 =990 ##$$a 21419737 =990 ##$$a 21419738 =990 ##$$a 21419739 =990 ##$$a 21419740 =990 ##$$a 21419741 =990 ##$$a 21708744 =990 ##$$a 21708743 =990 ##$$a 21708742 =990 ##$$a 21708741 =990 ##$$a 21708743 =990 ##$$a 21419737 =990 ##$$a 21419738 =990 ##$$a 21419739 =990 ##$$a 21419740 =990 ##$$a 21419741 =990 ##$$a 21708745 =990 ##$$a 21708744 =990 ##$$a 21708742 =990 ##$$a 21708741